| 000 | 00678cam a2200229 4500500 | ||
|---|---|---|---|
| 005 | 20260405003727.0 | ||
| 041 | _afre | ||
| 042 | _adc | ||
| 100 | 1 | 0 |
_aPépin, Charles _eauthor |
| 245 | 0 | 0 | _a“Faut-il toujours avoir peur de ce qui se répète ?” |
| 260 | _c2023. | ||
| 500 | _a31 | ||
| 690 | _aAttente | ||
| 690 | _aCharles Pépin | ||
| 690 | _aClaude François | ||
| 690 | _aDétente | ||
| 690 | _aEspérance | ||
| 690 | _aHabitude | ||
| 690 | _aRépétition | ||
| 786 | 0 | _nPhilosophie magazine | 171 | 8 | 2023-07-01 | p. 3-3 | 1951-1787 | |
| 856 | 4 | 1 | _uhttps://shs.cairn.info/magazine-philosophie-magazine-2023-8-page-3?lang=fr&redirect-ssocas=7080 |
| 999 |
_c2070242 _d2070242 |
||